00537nam a2200193Ia 4500008004100000020001400041050001600055100002200071245001700093245002500110260001000135260001800145260000900163300001600172300002000188300001000208999001900218952010600237170918s9999 xx 000 0 und d a345380371 bC928ri 1992 aCrichton, Michael aRising sun / cby Michael Crichton. aUSA : bRandom House, c1992 a399 pages : billustrations ; c19cm. c343432d343432 001040aSSISMbSSISMd2017-09-18l0oFIC C928ri 1992pSSISM2504r2017-09-18 00:00:00w2017-09-18yBK